La esencia de la filosofía y la condición moral del conocer filosófico

Gorde:
Xehetasun bibliografikoak
Egile nagusia: Scheler, Max (Egilea)
Formatua: Liburua
Hizkuntza:gaztelania
Argitaratua: Buenos Aires Nova 1970
Edizioa:3a. ed
Saila:Colección la vida del espíritu
Gaiak:
Etiketak: Etiketa erantsi
Etiketarik gabe, Izan zaitez lehena erregistro honi etiketa jartzen!

MARC

LEADER 00000cam a2200000 a 4500
001 UCY7927
003 CL-VaPUC
008 950623e19701100AG |||||||||||||||||spa|d
082 0 4 |a 121  |b SCH  |2 21 
100 0 |a Scheler, Max  |e author  |9 311258 
245 1 3 |a La esencia de la filosofía y la condición moral del conocer filosófico 
250 |a 3a. ed 
300 |a 222 p 
942 |c BK 
945 |d 19950623 00:00:00  |a mfernand 
260 |a Buenos Aires  |b Nova  |c 1970 
650 0 |a Filosofía   |9 223554 
650 7 |a CONOCIMIENTO  |2 CL-VaPUC  |9 308991 
650 0 |a Epistemología   |9 264994 
650 0 |a Fenomenología  |9 256519 
650 0 |a Psicología   |9 257863 
650 0 |a Ciencia  |9 255691 
583 |a last modification  |c 20141016 11:43:06  |k Rodrigo Vera 
490 0 |a Colección la vida del espíritu 
999 |c 235221  |d 235219 
952 |0 0  |1 0  |4 0  |6 121_000000000000000_SCH_1970  |7 0  |8 P  |9 242480  |a BIBEDU  |b BIBEDU  |c BIBEDU_PB  |d 2019-11-18  |i 152092K  |o 121 SCH 1970  |p 152092K  |r 2024-01-25  |w 2019-11-18  |y BK  |k EDU 
952 |0 0  |1 0  |3 erb  |4 0  |6 121_000000000000000_SCH_1970  |7 0  |8 P  |9 242481  |a BIBEDU  |b BIBEDU  |c BIBEDU_PB  |i 5002974  |o 121 SCH 1970  |p 5002974  |r 2024-01-25  |w 2019-11-18  |y BK  |z Catalogado en:20141016  |k FIL